IFM Opac

Theory and Practice of Leadership (Record no. 22198)

MARC details
000 -LEADER
fixed length control field 00320nam a22001337a 4500
020 ## - INTERNATIONAL STANDARD BOOK NUMBER
ISBN 978-1-84920-024-0
082 ## - DEWEY DECIMAL CLASSIFICATION NUMBER
Classification number 658.4092
100 ## - MAIN ENTRY--AUTHOR NAME
Personal name Gill, Roger
245 ## - TITLE STATEMENT
Title Theory and Practice of Leadership
250 ## - EDITION STATEMENT
Edition statement 2nd
260 ## - PUBLICATION, DISTRIBUTION, ETC. (IMPRINT)
Place of publication London:
Name of publisher SAGE Publications,
Year of publication 2011
300 ## - PHYSICAL DESCRIPTION
Number of Pages xix, 532p.: ill.; 24cm
942 ## - ADDED ENTRY ELEMENTS (KOHA)
Koha item type Books
Holdings
Withdrawn status Lost status Damaged status Not for loan Collection code Permanent Location Current Location Shelving location Date acquired Source of acquisition Full call number Accession Number Price effective from Koha item type
        Non-fiction IFM Main Campus Library IFM Main Campus Library Work Room processing 01/21/2026 Purchased 658.4092 GIL 0000023556 01/21/2026 Books